D1 Colleges in Virginia - Statistics

General Stats
  • This quiz has been taken 148 times
    126 since last reset
  • The average score is 9 of 14
Answer Stats
City Answer % Correct
Charlottesville University of Virginia
98%
Richmond University of Richmond
76%
Richmond Virginia Commonwealth University
69%
Harrisonburg James Madison University
68%
Lynchburg LIberty University
68%
Radford Radford University
68%
Fairfax George Mason University
62%
Farmville Longwood University
62%
Norfolk Norfolk State Univeristy
62%
Blacksburg Virginia Polytechnic Institute and State University
62%
Hampton Hampton University
61%
Lexington Virginia Military Institute
52%
Williamsburg College of William & Mary
40%
Norfolk Old Dominion University
37%
No matching quizzes found
Score Distribution
Percent of People with Each Score
Percentile by Number Answered
Your Score History
You have not taken this quiz since the last reset